Từ tuyến đầu tổ quốc: Thư từ miền Nam gởi ra

Gespeichert in:
Bibliographische Detailangaben
Format: Buch
Sprache:Undetermined
Veröffentlicht: H. Văn Học 2002
Schlagworte:
Tags: Tag hinzufügen
Keine Tags, Fügen Sie den ersten Tag hinzu!
Thư viện lưu trữ: Trung tâm Học liệu Trường Đại học Cần Thơ
LEADER 00456nam a2200157Ia 4500
001 CTU_55462
008 210402s9999 xx 000 0 und d
020 |b 5500 
082 |a 895.9228 
082 |b T550/T2 
245 0 |a Từ tuyến đầu tổ quốc: Thư từ miền Nam gởi ra 
260 |a H. 
260 |b Văn Học 
260 |c 2002 
650 |a vietnamese literature 
980 |a Trung tâm Học liệu Trường Đại học Cần Thơ